Teoria diametrale delle curve algebriche piane e delle superficie algebriche
Saved in:
| Main Author: | |
|---|---|
| Format: | Book |
| Language: | Italian |
| Published: |
Ferrara : Editrice universitaria
1974.
|
| Edition: | III |
| Subjects: | |
| Tags: |
Add Tag
No Tags, Be the first to tag this record!
|
MARC
| LEADER | 00000nam a2200000Ia 4500 | ||
|---|---|---|---|
| 003 | 001916 | ||
| 005 | 20221231144010.0 | ||
| 008 | 140114s1974 it a 000 ||ita d | ||
| 040 | |c cru CEDI | ||
| 082 | |a 516.3 R656t | ||
| 100 | |a Rosina, B. A. |9 20959 | ||
| 245 | |a Teoria diametrale delle curve algebriche piane e delle superficie algebriche | ||
| 250 | |a III | ||
| 260 | |a Ferrara : Editrice universitaria |c 1974. | ||
| 300 | |a 294 páginas | ||
| 650 | |x GEOMETRIA ALGEBRAICA |x GEOMETRIA ANALITICA |9 20960 | ||
| 942 | |2 ddc |c BK | ||
| 999 | |c 15411 |d 15411 | ||
